FC 26 World Tour - Statistics

General Stats
  • This quiz has been taken 26 times
    2 since last reset
  • The average score is 70 of 155
Answer Stats
World Tour rat pos club player % Correct
World Tour 84 ST Manchester United Benjamin Šeško
100%
World Tour Silver Stars 74 CB England Bobby Moore
100%
World Tour 88 CB Lazio Alessio Romagnoli
50%
World Tour 86 LM Atlético Madrid Álex Baena
50%
World Tour Silver Stars 74 LW Spain Andrés Iniesta
50%
World Tour 93 LM AS Monaco Ansu Fati
50%
World Tour 87 ST Villarreal Ayoze Pérez
50%
World Tour 88 RB RB Leipzig Benjamin Henrichs
50%
World Tour Silver Stars 74 CAM England Bobby Charlton
50%
World Tour Silver Stars 74 CB Spain Carles Puyol
50%
World Tour Silver Stars 74 RB Brazil Carlos Alberto
50%
World Tour 86 LB Inter Milan Carlos Augusto
50%
World Tour 84 CAM Borussia Dortmund Carney Chukwuemeka
50%
World Tour 91 CDM Manchester United Casemiro
50%
World Tour Silver Stars 74 CAM Spain Cesc Fàbregas
50%
World Tour 85 CAM Daegu FC Cesinha
50%
World Tour 85 CM Atlético Madrid Conor Gallagher
50%
World Tour 77 CM Crystal Palace Daichi Kamada
50%
World Tour 93 CM Real Madrid Dani Ceballos
50%
World Tour 84 LW Napoli David Neres
50%
World Tour Silver Stars 73 ST Croatia Davor Šuker
50%
World Tour 90 CAM KC Current Debinha
50%
World Tour 89 RM London City Lionesses Delphine Cascarino
50%
World Tour 88 LB Tottenham Hotspur Destiny Udogie
50%
World Tour Silver Stars 73 ST Ivory Coast Didier Drogba
50%
World Tour Silver Stars 74 CAM Argentina Diego Maradona
50%
World Tour 93 LW Eredivisie Dirk Kuyt
50%
World Tour 91 GK Fenerbahçe Ederson
50%
World Tour Silver Stars 74 CDM France Emmanuel Petit
50%
World Tour 88 CAM Sunderland Enzo Le Fée
50%
World Tour 91 RM Lyon Ernest Nuamah
50%
World Tour 85 ST NJ/NY Gotham Esther González
50%
World Tour 85 RW Arsenal Ethan Nwaneri
50%
World Tour Silver Stars 73 ST Portugal Eusébio
50%
World Tour 87 CDM Al-Ittihad Fabinho
50%
World Tour 87 RM Bologna Federico Bernardeschi
50%
World Tour Silver Stars 74 ST Spain Fernando Torres
50%
World Tour 86 CB AC Milan Fikayo Tomori
50%
World Tour Silver Stars 74 CB Italy Franco Baresi
50%
World Tour Silver Stars 71 CDM Germany Franz Beckenbauer
50%
World Tour 85 CM Fenerbahçe Fred
50%
World Tour 90 ST Villa Women Gabi Nunes
50%
World Tour 85 LW Santa Clara Gabriel Silva
50%
World Tour Silver Stars 70 RW Brazil Garrincha
50%
World Tour Silver Stars 73 ST England Gary Lineker
50%
World Tour Silver Stars 73 ST Germany Gerd Müller
50%
World Tour Silver Stars 71 CAM Romania Gheorghe Hagi
50%
World Tour 85 ST Atlético Madrid Giacomo Raspadori
50%
World Tour Silver Stars 73 CDM Premier League Gilberto Silva
50%
World Tour 87 GK Tottenham Hotspur Guglielmo Vicario
50%
World Tour 78 CB Bayern Munich Hiroki Ito
50%
World Tour 88 LW San Diego FC Hirving Lozano
50%
World Tour 75 ST Wolves Hwang Hee-Chan
50%
World Tour 77 CM Feyenoord Hwang In-Beom
50%
World Tour 93 RW Celta Vigo Iago Aspas
50%
World Tour 86 LM Marseille Igor Paixão
50%
World Tour Silver Stars 74 GK Spain Iker Casillas
50%
World Tour 85 LW Everton Jack Grealish
50%
World Tour 84 CM St Pauli Jackson Irvine
50%
World Tour Silver Stars 74 RW Brazil Jairzinho
50%
World Tour 84 CM West Ham James Ward-Prowse
50%
World Tour 85 CB Bayer Leverkusen Jarell Quansah
50%
World Tour 86 RM West Ham Jarrod Bowen
50%
World Tour 83 ST Spurs Women Jessica Naz
50%
World Tour Silver Stars 74 LB La Liga Joan Capdevila
50%
World Tour 85 CB Genoa Johan Vásquez
50%
World Tour 86 LB Valencia José Gayà
50%
World Tour 94 ST Manchester United Joshua ZIrkzee
50%
World Tour 85 ST Al-Qadsiah Julián Quiñones
50%
World Tour 85 RB Bouenrmouth Júlio Araujo
50%
World Tour Silver Stars 74 CB Bundesliga Jürgen Kohler
50%
World Tour 92 CAM Bournemouth Justin Kluivert
50%
World Tour 89 CAM Arsenal Kai Havertz
50%
World Tour 87 LM Brighton Kaoru Mitoma
50%
World Tour Silver Stars 71 ST Scotland Kenny Dalglish
50%
World Tour 91 CB Bayern Munich Kim Min-Jae
50%
World Tour 85 CM Manchester United Kobbie Mainoo
50%
World Tour 88 CAM Frankfurt Frauen Laura Freigang
50%
World Tour Silver Stars 72 CB France Laurent Blanc
50%
World Tour 77 CAM Mainz 05 Lee Jae-Sung
50%
World Tour 84/79 RW Paris Saint-Germain Lee Kang In
50%
World Tour Silver Stars 72 GK Russia Lev Yashin
50%
World Tour 88 ST Napoli Lorenzo Lucca
50%
World Tour Silver Stars 74 CM Germany Lothar Matthäus
50%
World Tour 87 LB Aston Villa Lucas Digne
50%
World Tour Silver Stars 73 CB Bundesliga Lúcio
50%
World Tour 87 CM Roma Femminile Manuela Giugliano
50%
World Tour Silver Stars 74 CB France Marcel Desailly
50%
World Tour 85 ST Al Hilal Marcos Leonardo
50%
World Tour 90 ST Inter Milan Marcus Thuram
50%
World Tour Silver Stars 74 RB France Marcus Thuram
50%
World Tour 89 ST OL Lyon Marie-Antoinette Katoto
50%
World Tour 87 CAM Orlando Pride Marta
50%
World Tour Silver Stars 71 ST England Michael Owen
50%
World Tour Silver Stars 74 ST Germany Miraslav Klose
50%
World Tour 89 CB Al-Nassr Mohamed Simakan
50%
World Tour 88 ST Fiorentina Moise Kean
50%
World Tour 86 CAM Aston Villa Morgan Rogers
50%
World Tour 89 CM Inter Milan Nicolò Barella
50%
World Tour 87 CB Roma Femminile Oihane Valdezate
50%
World Tour Silver Stars 73 GK Germany Oliver Kahn
50%
World Tour Silver Stars 73 LB Italy Paolo Maldini
50%
World Tour Silver Stars 73 CM France Patrick Vieira
50%
World Tour Silver Stars 74 ST Brazil Pelé
50%
World Tour 84 LB Borussia Dortmund Ramy Bensebaini
50%
World Tour 86 LW Ajax Raúl Moro
50%
World Tour 85 RB Chelsea Reece James
50%
World Tour 88 LM FC Nantes Rémy Cabella
50%
World Tour Silver Stars 74 ST Brazil Rivaldo
50%
World Tour Silver Stars 73 ST Italy Roberto Baggio
50%
World Tour Silver Stars 73 LM Brazil Roberto Carlos
50%
World Tour 86 LM Real Betis Rodrigo Riquelme
50%
World Tour 88 RW Real Madrid Rodrygo
50%
World Tour Silver Stars 74 CAM Brazil Ronaldinho
50%
World Tour Silver Stars 71 CB Netherlands Ronald Koeman
50%
World Tour Silver Stars 74 ST Brazil Ronaldo
50%
World Tour Silver Stars 74 ST Bundesliga Rudi Völler
50%
World Tour Silver Stars 71 CAM Netherlands Ruud Gullit
50%
World Tour 86 CDM AC Milan Samuele Ricci
50%
World Tour Silver Stars 72 ST Cameroon Samuel Eto'o
50%
World Tour 90 LW Chelsea Women Sandy Baltimore
50%
World Tour 87 CDM Chelsea Women Sjoeke Nüsken
50%
World Tour Silver Stars 72 CAM Brazil Sócrates
50%
World Tour 92 LW Los Angeles FC Son Heung-Min
50%
World Tour 91 RM Real Sociedad Takefusa Kubo
50%
World Tour 78 LM AS Monaco Takumi Minamino
50%
World Tour 85 CB OL Lyonnes Tarciane
50%
World Tour Silver Stars 73 ST France Thierry Henry
50%
World Tour 89 CM Bayern Munich Tom Bischof
50%
World Tour 84 RM Espanyol Tyrhys Dolan
50%
World Tour 79 CDM Liverpool Wataru Endo
50%
World Tour 85 RB AS Roma Wesley
50%
World Tour 87 RM Leeds United Wilfried Gnonto
50%
World Tour Silver Stars 73 ST Ekstraklasa Włodzimierz Smolarek
50%
World Tour Silver Stars 74 CM Spain Xabi Alonso
50%
World Tour Silver Stars 74 CM Spain Xavi
50%
World Tour Silver Stars 72 CAM Brazil Zico
50%
World Tour 91 CB Rayo Vallecano Abdul Mumin
0%
World Tour Silver Stars 74 RM Brazil Cafu
0%
World Tour Silver Stars 72 CM Serie A Hidetoshi Nakata
0%
World Tour 87 CDM Angel City Hina Sugita
0%
World Tour 89 CAM Gent Hong Hyeon-Seok
0%
World Tour 73 CAM Union Berlin Jeong Woo-Yeong
0%
World Tour 91 LM Reims Keito Nakamura
0%
World Tour 89 CM San Diego Wave Kenza Dali
0%
World Tour 86 RW Orlando Pride Lizbeth Ovalle
0%
World Tour 91 ST Burnley Lyle Foster
0%
World Tour 79 CAM Spurs Women Maika Hamano
0%
World Tour 89 RB Paris FC Féminines Melwene N'Dongala
0%
World Tour Silver Stars 72 RW Eredivisie Park Ji-Sung
0%
World Tour 91 CM Marseille Quinten Timber
0%
World Tour 65 CM NC Courage Shinomi Koyama
0%
World Tour 90 CDM CD Tondela Sphephelo Sithole
0%
World Tour 87 CM Wolfsburg Frauen Svenja Huth
0%
World Tour 70 RM Coventry City Yang Min-Hyeok
0%
No matching quizzes found
Score Distribution
Percent of People with Each Score
Percentile by Number Answered
Your Score History
You have not taken this quiz since the last reset